Movies Quiz

Random Movies Quiz
Score 0/7 Timer 04:00
0 Plays Today
Character Title % Correct
BishopJuice
94.6%
LuckyPoetic Justice
84.7%
BirdieAbove The Rim
79.2%
Ezekiel 'Spoon' WhitmoreGridlock'd
55.6%
Detective RodriguezGang Related
55%
TankBullet
45.5%
HimselfNothing But Trouble
24.5%

You're not logged in!

Compare scores with friends on all Sporcle quizzes.
OR
Log In

Sporcle TV

Today on Sporcle TV


Watch our educational content, quiz creation guides, and fun videos on Sporcle TV.

Show Comments

Extras

Created Sep 24, 2009SourceReportNominate
Tags:2Pac, Character, shakur, tupac

Top Quizzes Today


Score Distribution

Paid Content

Your Account Isn't Verified!

In order to create a playlist on Sporcle, you need to verify the email address you used during registration. Go to your Sporcle Settings to finish the process.

Report this User

Report this user for behavior that violates our Community Guidelines.

Details: